LEADER 01637nam a2200337 i 4500 001 000000129007 003 CaOOAMICUS 005 20040910000000.0 008 040910s2004 it u000 u ita u 013 $a101740 020 $a88-343-1992-3 040 $aSeMil$bita 100 1 $aEsposito, John L.$0(OLS)http://semarc/name/53618 240 10$aUnholy War : Terror in the Name of Islam.$0(OLS)http://semarc/title/190646 245 10$aGuerra santa? :$bil terrore nel nome dell'Islam /$cJohn L. Esposito ; Introduzione di Vittorio Emanuele Parsi. 260 $aMilano :$bVita e Pensiero,$c2004. 300 $aXXVI, 176 p. ;$c22 cm. 490 0 $aV&P Università. Relazioni Internazionali e Scienza Politica. ASERI ;$v5 500 $aDono del Card. Dionigi Tettamanzi. 650 4$aFondamentalismo religioso.$0(OLS)http://semarc/subject/7760 650 4$aIslamismo e terrorismo internazionale.$0(OLS)http://semarc/subject/25496 650 4$aJih?d - Storia.$0(OLS)http://semarc/subject/25497 700 1 $aParsi, Vittorio Emanuele <1961->.$0(OLS)http://semarc/name/29957 830 0$aUniversità. Relazioni internazionali e scienza politica. ASERI [V&P] ;$v5.$0(OLS)http://semarc/title/14716 850 $aSeMil 852 $aSeMil$W1$xVenegono$y1$m3N III 135$j83157$B83157$CSeMilBibl$Z2$F86461 $81 941 1 $a5 961 $aOmaggio: Tettamanzi Card. Dionigi 996 $6020$a88-343-1992-3$9(OLS)http://semarc/number/115691 996 $6245$aGuerra santa? :$bil terrore nel nome dell'Islam$9(OLS)http://semarc/title/190645 996 $6260$aMilano :$bVita e Pensiero$9(OLS)http://semarc/publisher/29642 LEADER 01323nam a2200301 i 4500 001 000000245914 003 CaOOAMICUS 005 20151020000000.0 008 151020s2013 it u000 u ita u 013 $a224819 020 $a978-88-215-7799-4 040 $aSeMil$bita 100 1 $aRonchi, Ermes,$c.$0(OLS)http://semarc/name/39539 245 10$aPerché avete paura? :$bla speranza dalle Scritture /$cErmes Ronchi, Marina Marcolini. 260 $aCinisello Balsamo :$bSan Paolo,$c2013. 300 $a65 p. ;$c18 cm. 490 0 $aQuaderni del Festival biblico 650 4$aPaura.$0(OLS)http://semarc/subject/5601 650 4$aPoesia religiosa - Testi.$0(OLS)http://semarc/subject/992 650 4$aSperanza - Meditazioni.$0(OLS)http://semarc/subject/13338 700 1 $aMarcolini, Marina.$0(OLS)http://semarc/name/82620 830 0$aQuaderni del Festival biblico.$0(OLS)http://semarc/title/42397 850 $aSeMil 852 $aSeMil$W1$xVenegono$y1$m3F III 631$j196260$B196260$CSeMilBibl$Z2$F207412 $81 961 $aOmaggio: Altro 996 $6020$a978-88-215-7799-4$9(OLS)http://semarc/number/254643 996 $6245$aPerché avete paura? :$bla speranza dalle Scritture$9(OLS)http://semarc/title/409821 996 $6260$aCinisello Balsamo :$bSan Paolo$9(OLS)http://semarc/publisher/30129